Mot mystérieux - Série 13 - Statistiques

Statistiques générales
  • Ce quiz a été pris 187 fois
  • Le résultat moyen est 7 sur 10
Statistiques - réponses
Indices Mot % Correct
Chasseur - Oreilles - Clapier - Garenne Lapin
95%
Station, Fréquence, Antenne, Poste Radio
89%
Golf - Discothèque - Vacances - Privé Club
80%
Abri - Terrasse - Chaume - Ardoise Toit
80%
Routière - Lyon - Chef - Triage Gare
79%
Indien - Cuisinier - Patron - Rang Chef
77%
Particulier - Ville - Étoile - Nuitée Hôtel
75%
Portion - Faire - Marché - Tranche Part
57%
Chambre - Gens - Mariée - Soirée Robe
47%
Conférence - Naïf - Liqueur - Enema Poire
24%
Aucun quiz correspondant
Distribution des résultats
% des personnes avec chaque résultat
Percentile par nombre de réponses
Votre historique - résultats
Vous n’avez pas pris ce quiz